| 000 | 00789nam a2200205 i 4500 | ||
|---|---|---|---|
| 003 | IT-RoINE | ||
| 005 | 20191004055808.0 | ||
| 008 | 900725s1992 sp r | spa d | ||
| 040 |
_aSpMaBN _cA2 IT-RoINE _dIT-RoINE |
||
| 110 | 2 |
_aCongregación de las Hermanas de la Caridad de Santa Ana (Zaragoza, España) _963067 |
|
| 245 | 1 | 0 |
_aReglas de vida / _cCongregación de las Hermanas de la Caridad de Santa Ana de Zaragoza. |
| 260 |
_aZaragoza : _b[Imprenta Torcal], _c1992. |
||
| 300 |
_a100 p. ; _c15 cm. |
||
| 336 |
_2rdacontent _atext |
||
| 337 |
_2rdamedia _aunmediated |
||
| 338 |
_2rdacarrier _avolume |
||
| 610 | 2 | 4 |
_aCongregación de las Hermanas de la Caridad de Santa Ana (Zaragoza, España) _xReglas _963068 |
| 650 | 4 |
_98293 _aMonacato y órdenes religiosas _xReglas |
|
| 942 | _cMTS | ||
| 999 |
_c32156 _d32156 |
||